[Event "3rd Sharjah Masters 2019"]
[Site "Sharjah"]
[Date "2019.03.28"]
[Round "7.43"]
[White "Zaibi, Amir"]
[Black "Jaeel, Atharva"]
[Result "1-0"]
[WhiteElo "2386"]
[BlackElo "2145"]
[Annotator "TA"]
[PlyCount "186"]
[EventDate "2019.03.22"]
[EventType "swiss"]
[EventCountry "UAE"]
[SourceTitle "playchess.com"]
[Source "ChessBase"]
[SourceQuality "1"]

{[%evp 18,186,13,15,29,16,27,24,29,17,16,14,21,27,17,14,27,17,23,0,131,-95,-101,-116,-124,-120,-111,-117,-109,-110,-106,-126,-34,-64,0,0,0,-496,0,0,0,0,113,100,166,56,165,17,19,0,17,0,0,0,0,-8,-15,-21,0,0,0,0,0,-303,0,0,0,-91,0,0,0,0,0,0,0,0,0,0,0,0,0,0,1,0,30,25,131,131,133,103,737,109,102,0,742,731,832,832,1177,259,368,259,259,259,259,259,259,259,259,259,259,259,508,259,259,259,259,259,259,259,259,259,259,259,259,259,259,259,252,252,237,237,29971,29969,29974,29975,29974,29973,29971,29966,29955,9649,29981,29982,29982,29983,29983,29983,29984,29985,29985,29986,29986,29987,29987,29988,29988,29986,29986,29987,29987,29987,29988,29987,29987,29988,29987,29987,29987,29988,29988]} 1. d4 Nf6 2. Nf3 e6 3. e3 b6 4. Bd3 Bb7 5. O-O Be7 6. Nbd2 d5 7. b3 O-O 8. Bb2 Ne4 9. c4 Nd7 10. Rc1 Ndf6 {D05: Colle System with ...e6} (10... Bd6 11. Qc2 f5 12. Rfd1 Qe7 13. cxd5 exd5 14. Ne5 c5 15. Nxe4 fxe4 16. Bxe4 dxe4 17. Nxd7 Qxd7 18. dxc5 Bxh2+ 19. Kxh2 {1-0 (31) Mamedyarov,S (2736)-Idani,P (2569) Baku 2015}) 11. Ne5 Nxd2 12. Qxd2 c5 $146 {White has an edge.} ({Predecessor:} 12... Ne4 13. Qc2 Bd6 14. cxd5 exd5 {0-1 (88) Vlasov,A (2227)-Breskanu,N (1806) Uljanovsk 2016}) 13. Rfd1 cxd4 14. exd4 Rc8 15. Qe3 dxc4 16. bxc4 Rc7 17. Qh3 Be4 18. d5 Qc8 (18... exd5 $11 {remains equal.} 19. Bxe4 Nxe4) 19. d6 $2 (19. Nc6 $1 $16 {[%cal Rc6e7]} exd5 20. Nxe7+ Rxe7 21. Qg3) 19... Bxd6 $17 20. Qh4 Bxd3 21. Rxd3 Rd8 22. Rcd1 Be7 23. h3 Rxd3 24. Rxd3 Kf8 ({Better is} 24... Ne8 $17 25. Qg4 h6) 25. Qf4 Kg8 ({Black should try} 25... Qb7 $15) 26. Rg3 Qd8 27. Qh6 $2 {[%mdl 8192]} (27. Rd3 $11 Qc8 28. Rg3) 27... g6 $2 (27... Qd1+ $19 28. Kh2 Nh5) 28. Rd3 $11 Qf8 29. Qf4 Rc8 (29... Nh5 $1 $11 30. Qd2 f6) 30. g4 h6 (30... Qe8 $16 {might work better.}) 31. h4 (31. Nd7 $18 Nxd7 32. Rxd7) 31... Rd8 ({Black should play} 31... b5 $14) 32. Rxd8 (32. Rf3 $1 $18) 32... Bxd8 33. Qd4 Qe8 $1 34. g5 hxg5 35. hxg5 Nh5 $1 36. Nf3 {[%csl Gb2][%cal Rd4h8]} Kh7 37. Qe5 f6 38. Qb8 {gxf6 is the strong threat.} Qd7 39. gxf6 Bxf6 40. Qf8 $2 {[%mdl 8192] [#]} (40. Bxf6 $11 Nxf6 41. Qf8) 40... Qg7 $2 ({Worse is} 40... Qd1+ 41. Kg2 $11) (40... e5 $1 $19 {[%mdl 512] Strongly threatening ...Qg4+.} 41. Nxe5 (41. Bxe5 Qg4+) 41... Qf5 42. Qf7+ {[%mdl 64] Double Attack} Ng7) 41. Ng5+ $1 {[%mdl 64] Double Attack} Kh6 $1 42. Nf7+ Kh7 43. Ng5+ $1 {[%mdl 64] Double Attack} Kh6 $1 44. Nxe6 Qxf8 45. Bc1+ Kh7 46. Nxf8+ {[%mdl 4096] Endgame KBN-KBN} Kg7 47. Nd7 Bd4 48. Nb8 Ng3 {Hoping for ...Ne2+.} 49. Kg2 Ne2 50. Bd2 {White wants to play Nc6.} Bc5 51. Nc6 {Black must now prevent Kf1.} Bd6 (51... Kf7 $11 {keeps the balance.}) 52. Nxa7 $16 Kf7 53. Nc6 Bc5 $2 {[%mdl 8192]} (53... Nf4+ $16 54. Kf3 Nd3) 54. Kf3 $2 (54. Kf1 $1 $18 {and the rest is easy.} Nd4 55. Nxd4 Bxd4 56. Ke2) 54... Ng1+ 55. Kg2 $2 {[%mdl 8192]} (55. Kg3 $16) 55... Ne2 $18 56. Kf1 $1 Nd4 {[#]} 57. Nxd4 $1 Bxd4 {KB-KB} 58. Ke2 $2 (58. Be3) 58... Be5 (58... Bf6 $142 59. Be3 Bd8) 59. Kf3 Ke6 60. Bf4 Bf6 61. Ke4 Bh4 62. f3 Be7 63. a4 {[%cal Ba2a4,Ba4a5][%mdl 32]} Bd8 64. Bb8 Bh4 $2 {[#]} (64... Be7 {was called for.} 65. Ba7 Bd8) 65. c5 $1 {[%mdl 576] Deflection} bxc5 66. a5 Kd7 {[#]} 67. Kd5 $1 Kc8 68. Bd6 Kb7 {Black hopes to continue with ...Ka6.} 69. Bxc5 Be1 70. Bb6 Ka6 71. Ke6 Bd2 72. Kf6 g5 73. Kg6 Bf4 74. Bd8 Bd2 $2 (74... Bd6 $18 75. Kxg5 Ba3) 75. Bxg5 Bxa5 76. f4 Kb7 77. f5 Bc3 78. Bf6 Ba5 79. Kf7 (79. Be7 $142 Bc3 80. f6 Bxf6) 79... Kc6 80. Ke6 {White mates.} Be1 81. Be5 Bh4 82. Bf4 Bf2 83. f6 Bc5 84. f7 Bf8 85. Bg5 Kc7 86. Be7 Bh6 87. Bd6+ Kc6 88. Bb4 Kb5 89. Ba3 Kc6 90. Bd6 Bg7 91. Be7 Bh6 92. Ba3 Bg7 93. Kf5 Kd5 {Accuracy: White = 55%, Black = 31%.} 1-0

[Event "3rd Sharjah Masters 2019"]
[Site "Sharjah"]
[Date "2019.03.28"]
[Round "7.44"]
[White "Bouzidi, Ahmed"]
[Black "Sidhant, Mohapatra"]
[Result "0-1"]
[WhiteElo "2199"]
[BlackElo "2348"]
[Annotator "NA"]
[PlyCount "70"]
[EventDate "2019.03.22"]
[EventType "swiss"]
[EventCountry "UAE"]
[SourceTitle "playchess.com"]
[Source "ChessBase"]
[SourceQuality "1"]
[TimeControl "5400+30"]

1. e4 {[%emt 0:00:52]} c5 {[%emt 0:13:15]} 2. c3 {[%emt 0:00:11]} d6 {[%emt 0:00:07]} 3. d4 {[%emt 0:00:15]} Nf6 {[%emt 0:00:05]} 4. Bd3 {[%emt 0:02:17]} Nc6 {[%emt 0:00:07]} 5. Ne2 {[%emt 0:01:05]} g6 {[%emt 0:01:27]} 6. f4 {[%emt 0:05:42]} cxd4 {[%emt 0:01:17]} 7. cxd4 {[%emt 0:00:09]} Bg7 {[%emt 0:00:04]} 8. Nbc3 {[%emt 0:02:45]} O-O {[%emt 0:00:06]} 9. h3 {[%emt 0:01:54]} e5 {[%emt 0:08:18]} 10. fxe5 {[%emt 0:13:44]} dxe5 {[%emt 0:00:26]} 11. d5 {[%emt 0:00:43]} Nd4 {[%emt 0:00:19]} 12. Be3 {[%emt 0:00:41]} Ne8 {[%emt 0:00:27]} 13. O-O {[%emt 0:16:57]} Nd6 {[%emt 0:01:34]} 14. Bb1 {[%emt 0:10:37]} Nc4 {[%emt 0:02:47]} 15. Bc1 {[%emt 0:01:51]} Qb6 {[%emt 0:01:49]} 16. Nxd4 {[%emt 0:00:26]} exd4 {[%emt 0:00:45]} 17. Na4 {[%emt 0:00:13]} Qa5 {[%emt 0:00:34]} 18. Bd3 {[%emt 0:05:13]} b5 {[%emt 0:01:48]} 19. Nc5 {[%emt 0:01:44]} Qb6 {[%emt 0:00:13]} 20. b4 {[%emt 0:07:25]} a5 {[%emt 0:00:52]} 21. Qb3 Ne3 {[%emt 0:04:24]} 22. Ba3 {[%emt 0:00:41]} a4 {[%emt 0:04:23]} 23. Qb2 {[%emt 0:02:50]} Nxf1 {[%emt 0:00:49]} 24. Rxf1 {[%emt 0:00:13]} f5 {[%emt 0:05:04]} 25. Qc2 {[%emt 0:04:40]} fxe4 {[%emt 0:01:06]} 26. Rxf8+ {[%emt 0:00:06]} Bxf8 {[%emt 0:00:04]} 27. Bxe4 {[%emt 0:00:24]} Qd6 {[%emt 0:00:38]} 28. Qd3 {[%emt 0:04:07]} Qe5 {[%emt 0:01:27]} 29. Bb2 {[%emt 0:02:26]} Bg7 {[%emt 0:00:56]} 30. Qxb5 {[%emt 0:06:25]} Bf5 {[%emt 0:00:38]} 31. Qd3 {[%emt 0:08:11]} Bxe4 32. Qxe4 {[%emt 0:00:35]} Qxe4 {[%emt 0:01:20]} 33. Nxe4 {[%emt 0:00:05]} a3 {[%emt 0:00:04]} 34. Bc1 {[%emt 0:01:01]} Re8 {[%emt 0:00:02]} 35. Nd2 {[%emt 0:00:30]} Re1+ {[%emt 0:00:05]} 0-1

[Event "3rd Sharjah Masters 2019"]
[Site "Sharjah"]
[Date "2019.03.28"]
[Round "7.45"]
[White "Gokhale, Chandrashekhar"]
[Black "Shailesh, Dravid"]
[Result "1-0"]
[WhiteElo "2185"]
[BlackElo "2316"]
[Annotator "NA"]
[PlyCount "71"]
[EventDate "2019.03.22"]
[EventType "swiss"]
[EventCountry "UAE"]
[SourceTitle "playchess.com"]
[Source "ChessBase"]
[SourceQuality "1"]
[TimeControl "5400+30"]

1. Nf3 {[%emt 0:00:00]} Nf6 {[%emt 0:00:00]} 2. d4 {[%emt 0:00:30]} g6 {[%emt 0:00:00]} 3. Bf4 {[%emt 0:00:44]} Bg7 {[%emt 0:00:00]} 4. e3 {[%emt 0:00:13]} d6 {[%emt 0:00:04]} 5. h3 {[%emt 0:00:16]} O-O {[%emt 0:00:15]} 6. Be2 {[%emt 0:00:06]} c5 {[%emt 0:02:38]} 7. c3 {[%emt 0:00:27]} Nc6 {[%emt 0:00:09]} 8. O-O {[%emt 0:00:59]} cxd4 {[%emt 0:00:07]} 9. exd4 {[%emt 0:03:49]} Be6 {[%emt 0:00:24]} 10. Bd3 {[%emt 0:06:05]} Qb6 {[%emt 0:01:17]} 11. Qe2 {[%emt 0:00:32]} Bd5 {[%emt 0:02:22]} 12. Na3 {[%emt 0:10:24]} e5 {[%emt 0:14:50]} 13. dxe5 {[%emt 0:03:23]} dxe5 {[%emt 0:00:12]} 14. Be3 {[%emt 0:00:34]} Bxf3 {[%emt 0:01:20]} 15. gxf3 {[%emt 0:00:35]} Qc7 {[%emt 0:01:07]} 16. Rfd1 {[%emt 0:03:01]} Rfe8 {[%emt 0:03:02]} 17. Nb5 {[%emt 0:06:46]} Qe7 {[%emt 0:04:28]} 18. Bc4 {[%emt 0:02:32]} Nh5 {[%emt 0:06:52]} 19. Nd6 {[%emt 0:04:34]} Rf8 {[%emt 0:00:11]} 20. Ne4 {[%emt 0:08:40]} Qh4 {[%emt 0:01:45]} 21. Kg2 {[%emt 0:00:20]} Kh8 {[%emt 0:10:28]} 22. Bg5 {[%emt 0:12:21]} Nf4+ {[%emt 0:00:39]} 23. Bxf4 {[%emt 0:00:07]} exf4 {[%emt 0:01:39]} 24. Nd6 {[%emt 0:01:46]} h5 {[%emt 0:14:43]} 25. Rd5 {[%emt 0:05:16]} Ne7 {[%emt 0:14:16]} 26. Rd2 {[%emt 0:00:16]} Nf5 {[%emt 0:01:50]} 27. Nxf5 {[%emt 0:03:35]} gxf5 {[%emt 0:00:27]} 28. Kh2 {[%emt 0:10:01]} Rae8 {[%emt 0:00:42]} 29. Qd3 {[%emt 0:00:38]} Bf6 {[%emt 0:01:46]} 30. Rg1 {[%emt 0:00:47]} Re5 {[%emt 0:02:51]} 31. Re2 {[%emt 0:01:41]} Rc5 {[%emt 0:00:40]} 32. Bd5 {[%emt 0:03:29]} b5 {[%emt 0:01:05]} 33. b4 {[%emt 0:01:20]} Rxc3 {[%emt 0:01:08]} 34. Qxf5 {[%emt 0:00:06]} Rg8 {[%emt 0:00:29]} 35. Rxg8+ {[%emt 0:00:08]} Kxg8 {[%emt 0:00:04]} 36. Qg6+ {[%emt 0:00:07]} 1-0

[Event "3rd Sharjah Masters 2019"]
[Site "Sharjah"]
[Date "2019.03.28"]
[Round "7.46"]
[White "Ajay Karthikeyan"]
[Black "Ahmed, Fareed"]
[Result "0-1"]
[WhiteElo "2298"]
[BlackElo "1950"]
[Annotator "NA"]
[PlyCount "118"]
[EventDate "2019.03.22"]
[EventType "swiss"]
[EventCountry "UAE"]
[SourceTitle "playchess.com"]
[Source "ChessBase"]
[SourceQuality "1"]
[TimeControl "5400+30"]

1. d4 {[%emt 0:00:00]} Nf6 {[%emt 0:03:00]} 2. Bf4 {[%emt 0:00:00]} d5 {[%emt 0:00:25]} 3. e3 {[%emt 0:00:00]} e6 {[%emt 0:00:21]} 4. Nf3 {[%emt 0:00:00]} c5 {[%emt 0:00:27]} 5. c3 {[%emt 0:00:00]} Be7 {[%emt 0:00:50]} 6. Nbd2 {[%emt 0:01:24]} Nbd7 {[%emt 0:00:07]} 7. Ne5 {[%emt 0:01:57]} Nxe5 {[%emt 0:02:02]} 8. dxe5 {[%emt 0:00:33]} Nd7 {[%emt 0:00:24]} 9. Bd3 {[%emt 0:04:51]} g5 {[%emt 0:03:51]} 10. Bg3 {[%emt 0:00:22]} h5 {[%emt 0:00:08]} 11. h4 {[%emt 0:06:57]} gxh4 {[%emt 0:01:02]} 12. Bf4 {[%emt 0:06:35]} Qc7 {[%emt 0:00:31]} 13. Nf3 {[%emt 0:00:20]} b6 {[%emt 0:06:10]} 14. Nxh4 {[%emt 0:14:06]} Bb7 {[%emt 0:04:31]} 15. Nf3 {[%emt 0:16:39]} O-O-O {[%emt 0:02:10]} 16. Qe2 {[%emt 0:01:38]} c4 {[%emt 0:09:47]} 17. Bc2 {[%emt 0:00:33]} b5 {[%emt 0:00:23]} 18. Ng5 {[%emt 0:06:36]} Bxg5 {[%emt 0:05:24]} 19. Bxg5 {[%emt 0:00:01]} Rdg8 {[%emt 0:00:53]} 20. f4 {[%emt 0:00:14]} Rxg5 {[%emt 0:00:07]} 21. fxg5 {[%emt 0:00:04]} Qxe5 {[%emt 0:03:07]} 22. O-O-O {[%emt 0:03:40]} Qxg5 {[%emt 0:00:13]} 23. Kb1 {[%emt 0:00:29]} f5 {[%emt 0:00:44]} 24. Qd2 {[%emt 0:03:07]} Rg8 {[%emt 0:03:22]} 25. Qd4 {[%emt 0:02:15]} Kb8 {[%emt 0:00:35]} 26. Rdg1 {[%emt 0:07:09]} e5 {[%emt 0:05:08]} 27. Qh4 {[%emt 0:00:11]} Nf6 {[%emt 0:00:43]} 28. Qxg5 {[%emt 0:07:09]} Rxg5 {[%emt 0:00:06]} 29. Kc1 {[%emt 0:02:02]} Ng4 {[%emt 0:05:33]} 30. Kd2 {[%emt 0:00:23]} f4 {[%emt 0:01:55]} 31. exf4 {[%emt 0:00:29]} exf4 {[%emt 0:00:05]} 32. Bd1 {[%emt 0:04:14]} Kc7 {[%emt 0:10:29]} 33. Bxg4 {[%emt 0:02:12]} hxg4 {[%emt 0:00:37]} 34. Rh7+ Kb6 {[%emt 0:01:23]} 35. Rf7 {[%emt 0:00:42]} Bc8 {[%emt 0:02:05]} 36. Rxf4 {[%emt 0:00:39]} Bf5 {[%emt 0:00:04]} 37. Ke3 {[%emt 0:01:01]} Kc5 {[%emt 0:00:26]} 38. b4+ {[%emt 0:02:56]} cxb3 {[%emt 0:02:32]} 39. axb3 {[%emt 0:00:01]} Be4 {[%emt 0:00:09]} 40. Rf6 {[%emt 0:01:30]} a5 {[%emt 0:01:26]} 41. Kf4 {[%emt 0:02:17]} Rg7 {[%emt 0:00:48]} 42. Ra6 {[%emt 0:00:05]} Bc2 {[%emt 0:00:33]} 43. Rxa5 Bxb3 {[%emt 0:00:06]} 44. Ra8 {[%emt 0:02:03]} Kc4 {[%emt 0:00:38]} 45. Rc8+ {[%emt 0:01:29]} Kd3 {[%emt 0:00:07]} 46. Re1 {[%emt 0:01:36]} Kd2 {[%emt 0:01:15]} 47. Ra1 {[%emt 0:02:26]} Bc4 {[%emt 0:01:28]} 48. Ra3 {[%emt 0:00:26]} Kc2 {[%emt 0:00:32]} 49. g3 {[%emt 0:00:36]} Kb2 {[%emt 0:00:08]} 50. Ra5 {[%emt 0:00:01]} Rb7 {[%emt 0:04:55]} 51. Kxg4 {[%emt 0:00:40]} Kxc3 {[%emt 0:00:04]} 52. Kf4 {[%emt 0:00:44]} d4 {[%emt 0:02:03]} 53. Ra1 {[%emt 0:00:36]} Kb2 {[%emt 0:06:08]} 54. Rg1 {[%emt 0:00:20]} d3 {[%emt 0:01:54]} 55. g4 {[%emt 0:00:38]} Kc2 {[%emt 0:01:43]} 56. Rg2+ {[%emt 0:00:32]} Kc3 {[%emt 0:01:12]} 57. Rd8 {[%emt 0:00:31]} b4 {[%emt 0:00:18]} 58. g5 {[%emt 0:00:18]} b3 {[%emt 0:00:14]} 59. g6 {[%emt 0:00:36]} b2 {[%emt 0:00:28]} 0-1

[Event "3rd Sharjah Masters 2019"]
[Site "Sharjah"]
[Date "2019.03.28"]
[Round "7.47"]
[White "Amdouni, Zoubaier"]
[Black "Jinan, Jomon"]
[Result "1-0"]
[WhiteElo "2275"]
[BlackElo "1848"]
[Annotator "NA"]
[PlyCount "63"]
[EventDate "2019.03.22"]
[EventType "swiss"]
[EventCountry "UAE"]
[SourceTitle "playchess.com"]
[Source "ChessBase"]
[SourceQuality "1"]
[TimeControl "5400+30"]

1. e4 {[%emt 0:00:00]} e5 {[%emt 0:00:00]} 2. Bc4 {[%emt 0:00:00]} Nf6 {[%emt 0:00:00]} 3. d3 {[%emt 0:00:00]} Bc5 {[%emt 0:00:00]} 4. Nc3 {[%emt 0:00:00]} c6 {[%emt 0:00:06]} 5. Nf3 {[%emt 0:00:24]} d6 {[%emt 0:00:08]} 6. O-O $11 {[%emt 0:02:05]} b5 {[%emt 0:00:25]} 7. Bb3 {[%emt 0:00:04]} a5 {[%emt 0:00:05]} 8. a4 {[%emt 0:00:34]} b4 {[%emt 0:00:07]} 9. Ne2 {[%emt 0:00:06]} O-O {[%emt 0:00:22]} 10. Ng3 {[%emt 0:00:47]} h6 {[%emt 0:16:24]} 11. c3 {[%emt 0:02:11]} bxc3 {[%emt 0:09:22]} 12. bxc3 {[%emt 0:00:42]} Re8 {[%emt 0:21:44]} 13. Re1 {[%emt 0:23:59]} Bb6 {[%emt 0:13:53]} 14. h3 {[%emt 0:01:21]} Nbd7 {[%emt 0:08:36]} 15. d4 {[%emt 0:05:59]} Qc7 {[%emt 0:02:04]} 16. Ba3 {[%emt 0:15:51]} d5 {[%emt 0:05:15]} 17. Rc1 {[%emt 0:07:20]} exd4 {[%emt 0:03:54]} 18. cxd4 {[%emt 0:00:49]} dxe4 {[%emt 0:01:24]} 19. Nf5 {[%emt 0:04:23]} exf3 {[%emt 0:09:23]} 20. Rxe8+ {[%emt 0:09:39]} Nxe8 {[%emt 0:00:01]} 21. Bxf7+ {[%emt 0:00:04]} Kxf7 {[%emt 0:00:50]} 22. Qb3+ {[%emt 0:00:04]} Kf6 {[%emt 0:01:43]} 23. Qxf3 {[%emt 0:00:13]} Nc5 {[%emt 0:05:07]} 24. dxc5 {[%emt 0:05:48]} Ba7 {[%emt 0:00:34]} 25. Nd6+ {[%emt 0:01:04]} Kg6 {[%emt 0:00:31]} 26. Qe4+ {[%emt 0:00:41]} Kh5 {[%emt 0:00:29]} 27. Qxe8+ {[%emt 0:00:10]} g6 {[%emt 0:00:20]} 28. Qe2+ {[%emt 0:01:01]} Kg5 {[%emt 0:00:33]} 29. Qe5+ {[%emt 0:00:08]} Bf5 {[%emt 0:00:36]} 30. Ne4+ {[%emt 0:00:09]} Kh5 {[%emt 0:00:20]} 31. Ng3+ {[%emt 0:00:12]} Kg5 {[%emt 0:00:18]} 32. Qxc7 {[%emt 0:00:06]} 1-0

[Event "3rd Sharjah Masters 2019"]
[Site "Sharjah"]
[Date "2019.03.29"]
[Round "8.1"]
[White "Inarkiev, Ernesto"]
[Black "Firouzja, Alireza"]
[Result "1/2-1/2"]
[WhiteElo "2692"]
[BlackElo "2657"]
[Annotator "TA"]
[PlyCount "40"]
[EventDate "2019.03.22"]
[EventType "swiss"]
[EventCountry "UAE"]
[SourceTitle "playchess.com"]
[Source "ChessBase"]
[SourceQuality "1"]

{[%evp 25,29,9,19,0,39,2]} 1. d4 Nf6 2. c4 g6 3. Nc3 d5 4. Bf4 Bg7 5. e3 c5 6. dxc5 Qa5 7. Rc1 dxc4 8. Bxc4 O-O 9. Nf3 {[%cal Bg1f3,Bf3d4,Bd4b5,Bb5c7][%mdl 32]} Qxc5 10. Bb3 Nc6 11. O-O Qa5 12. h3 Qa6 13. Nd4 {D93: Grünfeld: 4 Nf3 Bg7 5 Bf4 0-0 6 e3} (13. e4 Rd8 14. Qe1 Nb4 15. Ng5 e6 16. Rd1 Rxd1 17. Qxd1 Nd3 18. Bc2 {1-0 (18) Nielsen,P (2687)-Volokitin,A (2686) Rogaska Slatina 2011}) 13... Bd7 {LiveBook: 4 Games} 14. Ndb5 {[#] And now Nc7 would win.} Rac8 15. Nc7 {[#]} {Predecessor:} Qa5 $146 16. N7d5 Nxd5 17. Qxd5 Qxd5 18. Bxd5 e6 19. Bf3 Ne5 20. Be2 Bc6 {0-1 (36) Kiss,P (2430)-Horvath,J (2540) Hungary 1991} 1/2-1/2

[Event "3rd Sharjah Masters 2019"]
[Site "Sharjah"]
[Date "2019.03.29"]
[Round "8.2"]
[White "Vokhidov, Shamsiddin"]
[Black "Wang, Hao"]
[Result "0-1"]
[WhiteElo "2494"]
[BlackElo "2718"]
[Annotator "TA"]
[PlyCount "78"]
[EventDate "2019.03.22"]
[EventType "swiss"]
[EventCountry "UAE"]
[SourceTitle "playchess.com"]
[Source "ChessBase"]
[SourceQuality "1"]

{[%evp 23,78,20,47,47,44,43,43,52,51,50,37,32,35,33,47,4,25,33,52,2,2,0,27,27,33,31,39,-18,-12,-89,-89,-111,-116,-113,-105,-171,-35,-53,0,-161,-95,-100,-103,-74,-87,-90,-63,-152,-152,-141,-130,-231,-236,-818,-816,-783,-773]} 1. e4 c5 2. Nf3 d6 3. d4 cxd4 4. Nxd4 Nf6 5. Nc3 a6 6. h3 e6 7. g4 h6 8. Bg2 Be7 {B81: Sicilian Scheveningen: Keres Attack} 9. Be3 Nc6 10. f4 {[%cal Bf2f4,Bf4f5][%mdl 32]} Nd7 (10... Bd7 11. Qe2 Nxd4 12. Bxd4 Bc6 13. O-O-O Qc7 14. Kb1 e5 15. Be3 {1-0 (45) Grischuk,A (2766)-Duda,J (2737) chess.com INT 2018}) 11. O-O O-O 12. Nce2 Qc7 {LiveBook: 3 Games} 13. c3 Rb8 14. Qd2 b5 15. f5 $146 ({Predecessor:} 15. Rad1 Bb7 16. f5 Nxd4 17. cxd4 {½-½ (33) Kudr,R (2259)-Thoma,O (2228) ICCF email 2016}) 15... e5 16. Nxc6 Qxc6 17. Ng3 f6 18. h4 Bb7 19. Rf2 Rbd8 20. Kh2 Nb6 21. Bxb6 Qxb6 22. Rd1 Qc5 23. Nf1 Rfe8 24. Ne3 d5 25. exd5 (25. Nxd5 $14 Bxd5 26. exd5) 25... e4 $1 $11 26. Kh1 (26. Kh3 $11) 26... Qc7 $17 {[%mdl 1024] Black has strong compensation.} 27. Qe1 ({Don't blunder} 27. Bxe4 $2 Bc5 $19) 27... Bc5 $1 28. Re2 Qf4 29. Bh3 (29. Rdd2 $17) 29... Qf3+ (29... Re5 $19 {...Bxe3 is the strong threat.} 30. Bg2 Bxe3 31. Rxe3 Qxg4) 30. Bg2 $15 Qf4 (30... h5 $1 $15) 31. Bh3 $1 $19 Bxe3 ({Better is} 31... Re5 $19 32. Bg2 Bxe3 33. Rxe3 Qxg4) 32. Rxe3 $17 Bxd5 33. Kg1 Bc6 {( -> ...Rxd1)} 34. Rd2 Qc7 35. Bg2 (35. Rde2 $15) 35... Rxd2 $1 36. Qxd2 Rd8 $36 {[%mdl 2048] Keeping White busy.} 37. Qe2 {[#]} (37. Qe1 $17 {might work better.}) 37... Qf4 $1 $19 38. Bxe4 $2 (38. Qf2 Rd1+ 39. Bf1 Qxg4+ 40. Kh2) 38... Bxe4 39. Rxe4 {[#]} Qc1+ $1 {Precision: White = 44%, Black = 57%.} 0-1

[Event "3rd Sharjah Masters 2019"]
[Site "Sharjah"]
[Date "2019.03.29"]
[Round "8.3"]
[White "Maghsoodloo, Parham"]
[Black "Matlakov, Maxim"]
[Result "0-1"]
[WhiteElo "2673"]
[BlackElo "2692"]
[Annotator "TA"]
[PlyCount "86"]
[EventDate "2019.03.22"]
[EventType "swiss"]
[EventCountry "UAE"]
[SourceTitle "playchess.com"]
[Source "ChessBase"]
[SourceQuality "1"]

{[%evp 14,86,11,23,16,8,10,8,18,18,20,4,8,7,19,8,8,0,0,0,20,29,11,13,22,16,18,3,7,7,28,27,27,17,40,36,64,48,52,21,21,21,24,12,18,3,14,8,49,41,50,8,7,9,0,0,0,0,0,0,0,-241,-42,-42,-42,-45,-52,-345,-344,-343,-329,-481,-480,-539,-531]} 1. Nf3 d5 2. c4 e6 3. g3 Nf6 4. Bg2 d4 5. O-O c5 6. e3 Nc6 7. exd4 cxd4 8. d3 Bd6 {A13: English Opening: 1...e6} 9. Bg5 h6 10. Bxf6 $1 Qxf6 {The position is equal.} 11. Nbd2 Qe7 12. a3 a5 $1 13. Ne4 Bc7 14. b4 axb4 15. axb4 Rxa1 16. Qxa1 Qxb4 {[#]} (16... f5 $5 {[%cal Rf5e4]} 17. Nc5 O-O $11) 17. Rb1 $146 Qe7 18. Nxd4 Nxd4 19. Qxd4 O-O $1 20. c5 Rd8 $1 {[%cal Rd8d4]} 21. Qc3 Qd7 22. Rb3 Qa4 23. Bf3 f5 24. Ra3 Qd7 25. Nd2 e5 26. Nc4 e4 $1 {[%cal Re4f3]} 27. dxe4 fxe4 28. Be2 Kh7 29. Qc2 Qc6 30. Ne3 Rd4 31. Bc4 Bd8 32. Ra8 {[#] Threatens to win with Bd5!} Be6 33. Bxe6 Qxe6 34. h4 Bf6 35. Ra7 Rd3 {Hoping for ...Bd4.} 36. Rxb7 Bd4 $1 {[%cal Rd4e3]} 37. Qc4 $2 {[#]} (37. Kh2 $11 {and White stays safe.}) 37... Qxc4 $2 (37... Qe5 $1 $19 38. Rb4 Bxe3 39. Qxe4+ Qxe4 40. Rxe4 Bxc5) 38. Nxc4 $15 Rxg3+ $19 {KRB-KRN} 39. Kf1 Rf3 40. Re7 $2 {[%mdl 8192]} ({White should play} 40. c6 $15 Rxf2+ 41. Ke1) 40... Rxf2+ (40... Bxc5 41. Rxe4 Rxf2+ 42. Ke1 $17) 41. Ke1 Rc2 ({Weaker is} 41... Bxc5 42. Rxe4 Rh2 43. Kf1 $17) 42. Rxe4 (42. Ne5 $142 Bxc5 43. Re8) 42... Rxc4 43. Kd1 Kg6 {Accuracy: White = 40%, Black = 71%.} 0-1

[Event "3rd Sharjah Masters 2019"]
[Site "Sharjah"]
[Date "2019.03.29"]
[Round "8.4"]
[White "Kryvoruchko, Yuriy"]
[Black "Aditya, Mittal"]
[Result "1-0"]
[WhiteElo "2680"]
[BlackElo "2454"]
[Annotator "TA"]
[PlyCount "79"]
[EventDate "2019.03.22"]
[EventType "swiss"]
[EventCountry "UAE"]
[SourceTitle "playchess.com"]
[Source "ChessBase"]
[SourceQuality "1"]

{[%evp 10,79,21,8,30,18,2,20,15,9,0,0,4,2,4,11,27,22,19,19,35,12,19,29,44,42,50,39,82,79,161,149,149,150,145,126,115,115,115,110,97,100,116,125,114,28,326,332,331,324,322,321,280,285,239,162,977,1008,866,866,6026,5702,29987,29988,29988,29989,29989,29990,29990,29991,29991,29988]} 1. Nf3 d5 2. g3 Nf6 3. Bg2 g6 4. d4 c6 5. O-O Bg7 6. c4 dxc4 {D73: Fianchetto Grünfeld: 5 Nf3} (6... O-O 7. Qb3 a5 8. cxd5 a4 9. Qd1 cxd5 10. Nc3 Ne4 11. Nxa4 Qa5 12. Nc3 Nxc3 13. bxc3 Qxc3 14. Bd2 Qa3 15. Qb3 Nc6 {0-1 (54) Cheparinov,I (2709)-Artemiev,V (2709) Skopje 2018}) 7. a4 Ne4 8. Qc2 Nd6 {The position is equal.} 9. e4 Na6 {[%cal Bb8a6,Ba6b4,Bb4d3][%mdl 32]} 10. Na3 O-O 11. Rd1 Nb4 12. Qe2 Nd3 13. e5 Nxc1 14. Raxc1 Ne8 $146 15. Nxc4 Nc7 16. Nfd2 Nd5 17. Ne4 a5 18. Nc3 Nb4 19. d5 cxd5 (19... Qc7 $16) 20. Nxd5 Nxd5 21. Bxd5 Qc7 22. e6 f5 23. f4 Ra6 24. Kg2 Qb8 25. Na3 Rd6 26. Nb5 $36 {[%mdl 2048] White is really pushing.} Rdd8 27. Bf3 (27. Rc7 $16 Bf6 28. Kg1) 27... b6 $2 {[%mdl 8192] [#]} (27... Rxd1 $11 28. Rxd1 b6) 28. Rxd8 $1 $18 Rxd8 29. Rc7 Ba6 30. Rxe7 Bxb5 31. axb5 ({But not} 31. Qxb5 $6 Qd6 $18) 31... Qd6 32. Ra7 Re8 $2 (32... Bf6 33. Qc4 Be7) 33. Qc4 Bf6 34. Qc6 Rd8 35. Qb7 Qxe6 36. Qxh7+ {[%mdl 64] Double Attack. White mates.} Kf8 37. Qh6+ Kg8 38. Qxg6+ Kf8 39. Qh6+ Kg8 {[#]} 40. Rg7+ $1 {[%mdl 512] Accuracy: White = 77%, Black = 40%.} 1-0